000
00307nam a2200121Ia 4500
008
190216s9999||||xx |||||||||||||| ||und||
100
_a
Kay Yarborough Nelson
245
0
_a
Word Perfect 5 Macro Hand Book
260
_b
Tech Pubs Pvt Ltd Singapore
_c
1989
300
_a
488 p
650
_a
Computer
942
_c
BK
999
_c
8557
_d
8557